Guess the manga/anime by description - Statistics

General Stats
  • This quiz has been taken 5,584 times
    5,455 since last reset
  • The average score is 14 of 31
Answer Stats
Hint Answer % Correct
Elastic boy and his nakamas try to become the greatest pirates of all time. One Piece
98%
High school student develops a God-complex when he finds a deadly notebook Death Note
87%
Boy travels the world to catch innocent creatures and condemns them to live in tiny balls for the rest of their lives. Pokemon
76%
Ninjas, demon animals and cloning. Basically. Naruto
75%
Two brothers travel the world to get their limbs and body back. Full Metal Alchemist
74%
Clumsy girl uses the power of the moon to save the world with her friends, her magic cat, and a masked guy wearing tuxedo. Sailor Moon
74%
See you, Space Cowboy... Cowboy Bebop
70%
It's supposed to be about swimming. It's about hot guys in swimming trunks. Free !
70%
It's supposed to be about an egyptian ghost and a young japanese boy with a crazy haircut. But all we remember are men and women summoning virtual monsters while playing cards. Yu-Gi-Oh !
62%
The adventures of a Victorian brat and his demon servant. Black Butler
57%
Man gets turned into kid by illogical science and solves mysteries. Case Closed
53%
Teenage girl travels with monkeyboy to find seven magic items. Dragon Ball
53%
Jaded girl dresses as boy in her highschool and works with handsome students in their club to repay them. Ouran High School Host Club
48%
And you thought Game of Thrones was a good example of "Dark Fantasy"... Meet Guts, Casca and Griffith ! Berserk
47%
Inexplicable plot, but there is a badass biker headless woman in it. Durarara !!
41%
School uniforms transform into deadly revealing armors. Hilarious fanservice ensues Kill La Kill
40%
Young girl accidentally releases powerful magic cards across Japan and has to capture them. Card Captor Sakura
38%
Two samuraïs travel across Japan with a young girl to find a man who smells of sunflowers. Yes. That's the plot. Samurai Champloo
38%
Peaceful boy with no ambition enters a tournament to become the greatest Shaman of his generation. Shaman King
36%
Cursed men and women transform into animals according to their Chinese Zodiac signs. Fruits Basket
35%
Perverted young teacher has to deal with troublesome students and tries to help them to get their lives back in order. Great Teacher Onizuka
30%
Japanese doctor unintentionally saves the life of a psychopath and tries to stop him. Monster
29%
Teenage boys kill dinosaurs and create tsunamis while playing tennis. Prince of Tennis
29%
The hero is a hamster. Do you really need another clue? Hamtaro
28%
Juvenile delinquent has to take care of the Devil's son with the help of his best friend, a lolita demon girl and Alain Delon. Beelzebub
27%
Boy turns into girl when he touches cold water. Having a panda for a father and being engaged to a girl who hates men do not help. Ranma 1/2
26%
Teenage boys and androgynous men in armors must protect their Goddess against evil forces. Saint Seiya
14%
Boy meets girl in high school and falls in love with her. In a parallel universe, a strange girl builds a robot and befriends it. Clannad
12%
You're not reading it for the main character, but for Hiruma. Eyeshield 21
11%
Middle school students have to kill each other until only one remains. Battle Royale
9%
Awkward archeologist, amnesiac princess, bunny-like creature, psychopath ninja and loony wizard travel across dimensions to find feathers. Tsubasa RESERVoir CHRoNiCLE
6%
No matching quizzes found
Score Distribution
Percent of People with Each Score
Percentile by Number Answered
Your Score History
You have not taken this quiz since the last reset